Mitologías

Uloženo v:
Podrobná bibliografie
Hlavní autor: Barthes, Roland (Autor)
Médium: Kniha
Jazyk:španělština
Vydáno: Buenos Aires Siglo Veintiuno 2008
Vydání:1a. ed
Edice:Biblioteca Clásica de Siglo Veintiuno
Témata:
Tagy: Přidat tag
Žádné tagy, Buďte první, kdo vytvoří štítek k tomuto záznamu!

MARC

LEADER 00000cam a2200000 a 4500
001 UCH2515
003 CL-VaPUC
008 090618e20080000AG |||||||||||||||||spa|d
020 |a 9789876290487 
082 0 4 |a 844  |b BAR  |2 21 
100 |a Barthes, Roland  |e author  |9 265510 
245 1 0 |a Mitologías 
250 |a 1a. ed 
300 |a 256 p 
942 |c BK 
945 |d 20090618 00:00:00  |a rbrito 
260 |a Buenos Aires  |b Siglo Veintiuno  |c 2008 
650 0 |a Ensayos franceses  |9 265511 
583 |a last modification  |c 20151103 10:46:08  |k Rodrigo Vera 
490 0 |a Biblioteca Clásica de Siglo Veintiuno 
999 |c 334246  |d 334244 
952 |0 0  |1 0  |4 0  |6 844_000000000000000_BAR_2008  |7 0  |8 A  |9 423108  |a BIBCUR  |b BIBCUR  |d 2019-11-22  |i 4562127  |o 844 BAR 2008  |p 4562127  |r 2025-04-22  |w 2019-11-22  |y BK  |k PER 
952 |0 0  |1 0  |4 0  |6 844_000000000000000_BAR_2008  |7 0  |8 A  |9 423109  |a BIBART  |b BIBART  |d 2019-11-22  |i 4806581  |l 1  |m 1  |o 844 BAR 2008  |p 4806581  |r 2025-03-13  |s 2022-11-24  |w 2019-11-22  |y BK  |k ART